000 00235nam a2200097Ia 4500
005 20251222114342.0
008 251222s1900||||xx |||||||||||||| ||spa||
082 _aDVD0010/K87/2001
245 0 _aCara de guerra:Full Metal Jacket
942 _cDVD
999 _c885
_d885